| 000 | 00527nam a22001697a 4500 | ||
|---|---|---|---|
| 005 | 20250411101042.0 | ||
| 008 | 250411b |||||||| |||| 00| 0 eng d | ||
| 020 | _a9780802807359 | ||
| 050 | _aBS275.3 GUN | ||
| 100 | _aGundry Robert H. | ||
| 245 |
_aMatthew _bA commentary on His Handbook for a Mixed Church under Persecution/ _cRobert H. Gundry |
||
| 250 | _a2nd Ed. | ||
| 260 |
_aMichigan _bWilliam B. Eerdmans Publishing Company _c1994 |
||
| 300 |
_axlii. 685p. _c21 cm |
||
| 650 | _2Theology | ||
| 942 |
_2lcc _cBK _n0 _e2nd Ed. |
||
| 999 |
_c5396 _d5396 |
||